00637nam a2200193Ia 4500008004100000050001100041050001500052100003200067245013100099245003200230260003100262260001000293260001000303300001600313300002000329300001100349500005600360521002700416170504s9999 xx 000 0 und d aHD 28  b.F118 2016 aFabian, Joshua Christian I. aInventory and equipment request management system for the science laboratory of southville international school and colleges / cJoshua Christian I. Fabian. aLas Piñas, Philippines : bSISC, c2016. a159 pages : billustrations ; c28 cm. aIncludes bibliographical references and appendices. aInformation Technology